000 00672nam a22002177a 4500
999 _c8705
_d8705
001 22929
003 BD-DhUAP
005 20260224114036.0
008 260224b2025 p|||| |||| 000 0deng d
020 _a9783037613009
040 _aBD-DhUAP
_beng
_cBD-DhUAP
_dBD-DhUAP
082 _223
_a720.95492 MUZ
100 _aNiklaus Graber,
245 _aSpace of Belonging :
_bThe Architecture of Muzharul Islam /
260 _aSwitzerland:
_bQuart Publishers;
_c2025.
300 _a319 p. :
_bill. (some col.), plans ;
_c30 cm.
650 _a Muzharul Islam,
_xSpace of Belong
650 _a Muzharul Islam,
_vArchitecture
700 _aNiklaus Graber,
_eeditor.
942 _2ddc
_cBK